Countries With the Largest Subdivisions - Statistics

General Stats
  • This quiz has been taken 27 times
  • The average score is 22 of 26
Answer Stats
Region km2 Country % Correct
Nunavut 1,997,923 Canada
100%
Sakha 3,083,523 Russia
100%
Xinjiang 1,664,897 China
95%
Alaska 1,723,337 United States
95%
Buenos Aires 307,571 Argentina
91%
Amazonas 1,570,746 Brazil
91%
Greenland 2,166,086 Denmark
91%
Rajasthan 342,239 India
91%
Taoudénit 440,176 Mali
91%
Chihuahua 247,460 Mexico
91%
Bolívar 242,801 Venezuela
91%
Tamanrasset 336,839 Algeria
86%
Western __________ 2,527,013 Australia
86%
Santa Cruz 370,621 Bolivia
86%
Agadez 667,799 Niger
86%
New Valley 440,098 Egypt
82%
Kufra 453,611 Libya
82%
Balochistan 347,190 Pakistan
82%
Loreto 368,852 Peru
82%
Northern 348,765 Sudan
82%
Borkou 271,513 Chad
77%
Aktobe 300,629 Kazakhstan
77%
Northern Cape 372,889 South Africa
77%
Oromia 353,690 Ethiopia
73%
Eastern 672,522 Saudi Arabia
68%
Tiris Zemmour 252,900 Mauritania
64%
No matching quizzes found
Score Distribution
Percent of People with Each Score
Percentile by Number Answered
Your Score History
You have not taken this quiz